Liečivá sila reiky

Bibliographic Details
Main Author: Lindnerová, Alice (Author)
Format: Article
Language:Slovak
PhysicalDescription:Fotogr.
ISSN:1337-5857
Subjects:

MARC

LEADER 00000nab a2200000 ar4500
001 vtls009938160
003 SK-MaSNL
005 20260303045038.0
008 090810c2009 xo mr|p|||||||000 b|slo
015 |a SNBRB2009/08  |2 snkbucl 
038 |a SNKBUCL 
040 |a SNKBUCL  |b slo  |c SNKBUCL  |e AACR2 
041 |a slo 
044 |a xo  |c SK 
080 |a 636.8:615.85  |2 1997 
080 |a 615.85  |2 1997 
100 1 |a Lindnerová, Alice  |4 aut  |9 1035060 
245 1 0 |a Liečivá sila reiky  |c Alice Lindnerová 
300 |b Fotogr. 
650 0 7 |a mačky  |2 snkbucl  |9 2793 
650 0 7 |a Reiky (liečenie)  |2 snkbucl  |9 1035061 
773 0 |t Moja mačka  |g Roč. 3, č. 2 (2009), s. 18-19  |x 1337-5857 
852 |a SNK  |b KIS3GCP 
999 |c 1702367  |d 1704297